[Event "Arco op 44th"]
[Site "Arco"]
[Date "2022.10.13"]
[Round "6"]
[White "Bifulco, Michel"]
[Black "De Napoli, Giuseppe"]
[Result "1-0"]
[WhiteElo "2316"]
[BlackElo "2003"]
[PlyCount "53"]
[EventDate "2022.10.08"]
[EventType "swiss"]
[EventRounds "9"]
[EventCountry "ITA"]
[SourceTitle "CBM 210 Extra"]
[Source "ChessBase"]
[SourceDate "2022.11.30"]
[SourceVersion "1"]
[SourceVersionDate "2022.11.30"]
[SourceQuality "1"]

1. e4 g6 2. d4 Bg7 3. Nc3 d6 4. Be3 a6 5. g4 Nf6 6. h3 h5 7. g5 Nfd7 8. Bg2 c5 9. Nge2 Nc6 10. Qd2 0-0 11. 0-0 b5 12. b3 Bb7 13. Rad1 Rc8 14. dxc5 Nxc5 15. Nd5 Nd7 16. f4 Ncb8 17. f5 Bxd5 18. exd5 Ne5 19. fxg6 Nxg6 20. Be4 Nd7 21. Ng3 h4 22. Nf5 Bc3 23. Qe2 Nc5 24. Bxc5 Rxc5 25. Qh5 Bg7 26. Nxg7 Kxg7 27. Qh6+ 1-0

[Event "Padova del Santo op-A 6th"]
[Site "Padova"]
[Date "2019.02.16"]
[Round "3.2"]
[White "De Napoli, Giuseppe"]
[Black "Altieri, Danilo Mario"]
[Result "1/2-1/2"]
[WhiteElo "2003"]
[BlackElo "1927"]
[PlyCount "134"]
[EventDate "2019.02.15"]
[EventType "swiss"]
[EventRounds "5"]
[EventCountry "ITA"]
[SourceTitle "EXT 2024"]
[Source "ChessBase"]
[SourceDate "2023.10.10"]
[SourceVersion "1"]
[SourceVersionDate "2023.10.10"]
[SourceQuality "1"]

1. d4 Nf6 2. Bf4 c5 3. e3 d5 4. c3 Qb6 5. Qb3 Nc6 6. Nd2 c4 7. Qc2 g6 8. Ngf3 Bf5 9. Qc1 Bg7 10. h3 h6 11. Be2 g5 12. Bh2 Rc8 13. 0-0 Nd7 14. e4 dxe4 15. Nxc4 Qd8 16. Nfe5 Ncxe5 17. Nxe5 Nxe5 18. dxe5 0-0 19. Qe3 Qa5 20. f3 Bxe5 21. Bxe5 Qxe5 22. Bd3 Qg3 23. Bxe4 Bxh3 24. Qf2 Qxf2+ 25. Rxf2 Be6 26. Bxb7 Rc7 27. Be4 Rd8 28. Bc2 Rb8 29. Bd3 Kg7 30. c4 Rd8 31. Bf1 a5 32. Rc1 a4 33. b3 axb3 34. axb3 Rb8 35. Rc3 Kf6 36. Rb2 Rb4 37. Kf2 Ke5 38. Be2 Kd4 39. Rd3+ Kc5 40. Rdd2 Rcb7 41. Bd1 R7b6 42. Ra2 Rd6 43. Ke3 Rxd2 44. Rxd2 Rb7 45. Rd8 Ra7 46. Rb8 Ra2 47. Be2 Rb2 48. Rb5+ Kc6 49. g3 h5 50. f4 gxf4+ 51. gxf4 Bg4 52. Bf3+ Kd6 53. c5+ Kc7 54. Rb7+ Kc8 55. c6 f5 56. Bxg4 fxg4 57. Rxe7 Rxb3+ 58. Ke4 Rb1 59. Rh7 g3 60. Kf3 Rb3+ 61. Kg2 Rc3 62. Rh6 Kc7 63. f5 h4 64. Rxh4 Kxc6 65. Rf4 Kd7 66. Rf3 Rc4 67. Kxg3 Ke7 1/2-1/2

[Event "Padova del Santo op-A 6th"]
[Site "Padova"]
[Date "2019.02.15"]
[Round "1.1"]
[White "De Napoli, Giuseppe"]
[Black "Grimaldi, Angela Flavia"]
[Result "0-1"]
[WhiteElo "2003"]
[BlackElo "1906"]
[PlyCount "86"]
[EventDate "2019.02.15"]
[EventType "swiss"]
[EventRounds "5"]
[EventCountry "ITA"]
[SourceTitle "EXT 2024"]
[Source "ChessBase"]
[SourceDate "2023.10.10"]
[SourceVersion "1"]
[SourceVersionDate "2023.10.10"]
[SourceQuality "1"]

1. d4 Nf6 2. Bf4 d5 3. e3 e6 4. Nd2 Bd6 5. Ngf3 0-0 6. Bd3 c5 7. c3 c4 8. Bc2 b5 9. Ne5 Qc7 10. a4 Nc6 11. Ndf3 b4 12. Nxc6 Qxc6 13. Ne5 Qc7 14. Qf3 Ne4 15. Qh3 f6 16. f3 fxe5 17. fxe4 exf4 18. e5 g6 19. exd6 Qxd6 20. 0-0 b3 21. Bd1 Bd7 22. Qh6 fxe3 23. Qxe3 Rxf1+ 24. Kxf1 Qxh2 25. Kf2 Rf8+ 26. Bf3 a5 27. Ke2 Re8 28. Qe5 Qxe5+ 29. dxe5 Rf8 30. Ke3 Kg7 31. Kd4 Rc8 32. Rf1 g5 33. Bg4 Rf8 34. Rxf8 Kxf8 35. Kc5 Ke7 36. Kb6 Bxa4 37. Kxa5 Be8 38. Kb4 h5 39. Bf3 g4 40. Be2 Bg6 41. Kc5 Be4 42. Bf1 h4 43. Kd4 h3 0-1

[Event "Padova Del Santo op 1st"]
[Site "Padova"]
[Date "2014.02.16"]
[Round "5"]
[White "Gallo, Enrico"]
[Black "De Napoli, Giuseppe"]
[Result "1-0"]
[WhiteElo "2112"]
[BlackElo "2003"]
[PlyCount "71"]
[EventDate "2014.02.14"]
[EventType "swiss"]
[EventRounds "5"]
[EventCountry "ITA"]
[SourceTitle "EXT 2022"]
[Source "ChessBase"]
[SourceDate "2021.10.06"]
[SourceVersion "1"]
[SourceVersionDate "2021.10.06"]
[SourceQuality "1"]

1. e4 d5 2. exd5 Qxd5 3. Nc3 Qd6 4. d4 Nf6 5. Nf3 a6 6. h3 Bf5 7. Bc4 e6 8. 0-0 Nc6 9. Be3 Be7 10. a3 0-0 11. Qe2 Rfe8 12. Rad1 Nd5 13. Bxd5 exd5 14. Qd2 Bf6 15. Bf4 Qd7 16. Rfe1 Ne7 17. Be5 Bxe5 18. dxe5 Rad8 19. Nd4 c5 20. Nxf5 Qxf5 21. Ne4 Qxe5 22. Nxc5 Qxb2 23. Rb1 Qxa3 24. Nxb7 Rd7 25. Rb3 Qxb3 26. cxb3 Rxb7 27. Qxd5 Rbb8 28. Qd6 Ng6 29. Rxe8+ Rxe8 30. Qxa6 h6 31. Qd6 Re4 32. Kh2 Ne7 33. b4 g6 34. b5 Re2 35. b6 Rb2 36. Qxe7 1-0

[Event "Ortisei Server24 op 1st"]
[Site "Ortisei"]
[Date "2012.06.10"]
[Round "9"]
[White "De Napoli, Giuseppe"]
[Black "Van Foreest, Lucas"]
[Result "0-1"]
[WhiteElo "2057"]
[BlackElo "1960"]
[PlyCount "66"]
[EventDate "2012.06.02"]
[EventType "swiss"]
[EventRounds "9"]
[EventCountry "ITA"]
[SourceTitle "EXT 2014"]
[Source "ChessBase"]
[SourceDate "2013.11.20"]
[SourceVersion "1"]
[SourceVersionDate "2013.11.20"]
[SourceQuality "1"]

1. d4 Nf6 2. Nf3 g6 3. Nc3 d5 4. Bf4 c6 5. e3 Bg7 6. Be2 0-0 7. Ne5 Nfd7 8. h4 f6 9. Nf3 e5 10. dxe5 fxe5 11. Bg3 Qa5 12. 0-0 Re8 13. b4 Qxb4 14. Nxd5 cxd5 15. Qxd5+ Kh8 16. Ng5 Bf6 17. Nf7+ Kg7 18. Nd6 Rf8 19. Qe6 Nc5 20. Ne8+ Rxe8 21. Qxe8 Bd7 22. c3 Qa3 23. Qxe5 Bxe5 24. Bxe5+ Kf7 25. Rfd1 Nc6 26. Bd6 Be6 27. Bf3 Rd8 28. Rab1 Rd7 29. Rb5 Ne5 30. Bxe5 Rxd1+ 31. Bxd1 Nd7 32. Bb3 Bxb3 33. Rxb3 Qc1+ 0-1

[Event "Ortisei Server24 op 1st"]
[Site "Ortisei"]
[Date "2012.06.09"]
[Round "8"]
[White "Molina, Fabrizio"]
[Black "De Napoli, Giuseppe"]
[Result "1-0"]
[WhiteElo "2269"]
[BlackElo "2057"]
[PlyCount "89"]
[EventDate "2012.06.02"]
[EventType "swiss"]
[EventRounds "9"]
[EventCountry "ITA"]
[SourceTitle "EXT 2014"]
[Source "ChessBase"]
[SourceDate "2013.11.20"]
[SourceVersion "1"]
[SourceVersionDate "2013.11.20"]
[SourceQuality "1"]

1. d4 Nf6 2. c4 g6 3. f3 d6 4. e4 Bg7 5. Nc3 0-0 6. Nge2 e5 7. d5 Ne8 8. Be3 f5 9. Qd2 f4 10. Bf2 c6 11. Nc1 a6 12. c5 Rf7 13. Bc4 b5 14. cxb6 c5 15. Nd3 Nd7 16. Na4 a5 17. Bb5 Ba6 18. Qxa5 Bb7 19. Qd2 Nxb6 20. Bxe8 Qxe8 21. Nxb6 Rb8 22. Nc4 Bf8 23. 0-0 g5 24. g4 h5 25. h3 Rh7 26. Kg2 Ba6 27. b3 Bxc4 28. bxc4 Qa4 29. Qc3 Rhb7 30. Rfc1 Be7 31. Nxc5 dxc5 32. Qxe5 Qa3 33. Qe6+ Kh8 34. Qh6+ Kg8 35. Qe6+ Kh8 36. Rc2 Rb1 37. Rxb1 Rxb1 38. Qh6+ Kg8 39. Qg6+ Kf8 40. e5 hxg4 41. hxg4 Rb7 42. d6 Bd8 43. e6 Rg7 44. Qf5+ Kg8 45. Qd5 1-0

[Event "Ortisei Server24 op 1st"]
[Site "Ortisei"]
[Date "2012.06.05"]
[Round "4"]
[White "De Napoli, Giuseppe"]
[Black "Vanheirzeele, Daniel"]
[Result "1-0"]
[WhiteElo "2057"]
[BlackElo "2160"]
[PlyCount "61"]
[EventDate "2012.06.02"]
[EventType "swiss"]
[EventRounds "9"]
[EventCountry "ITA"]
[SourceTitle "EXT 2014"]
[Source "ChessBase"]
[SourceDate "2013.11.20"]
[SourceVersion "1"]
[SourceVersionDate "2013.11.20"]
[SourceQuality "1"]

1. d4 Nf6 2. Nf3 b6 3. Bf4 Ba6 4. Nbd2 Nh5 5. Bg5 h6 6. Bh4 g5 7. Bg3 d6 8. e3 Nxg3 9. hxg3 Bxf1 10. Nxf1 Bg7 11. Qd3 Qd7 12. Nxg5 Nc6 13. Nf3 0-0-0 14. 0-0-0 f5 15. d5 Ne5 16. Qa6+ Kb8 17. Nd4 c5 18. Ne6 Rdg8 19. Rh5 Bf6 20. Rxf5 h5 21. Rf4 h4 22. gxh4 Rxg2 23. Ng3 Ng6 24. Ra4 Rxf2 25. h5 Ne5 26. Ne4 Rg2 27. Nxf6 exf6 28. Rf4 Ng4 29. Rf3 Rxh5 30. Nf4 Qh7 31. Nxg2 1-0

[Event "Ortisei Server24 op 1st"]
[Site "Ortisei"]
[Date "2012.06.02"]
[Round "1"]
[White "Solomon, Kenny"]
[Black "De Napoli, Giuseppe"]
[Result "1-0"]
[WhiteElo "2429"]
[BlackElo "2057"]
[PlyCount "65"]
[EventDate "2012.06.02"]
[EventType "swiss"]
[EventRounds "9"]
[EventCountry "ITA"]
[SourceTitle "EXT 2014"]
[Source "ChessBase"]
[SourceDate "2013.11.20"]
[SourceVersion "1"]
[SourceVersionDate "2013.11.20"]
[SourceQuality "1"]

1. Nf3 Nf6 2. c4 e6 3. g3 d5 4. d4 Be7 5. Bg2 0-0 6. 0-0 dxc4 7. Qa4 c6 8. Qxc4 b5 9. Qc2 Bb7 10. Rd1 Qb6 11. Be3 Nd5 12. Bg5 Na6 13. Bxe7 Nxe7 14. Nbd2 Rac8 15. Ng5 g6 16. Nde4 Rfd8 17. Nc5 Nxc5 18. dxc5 Qc7 19. Qc3 Rxd1+ 20. Rxd1 Nd5 21. Qf3 a5 22. a3 Qe7 23. Ne4 Ra8 24. Nd6 Bc8 25. e4 Nc7 26. Bh3 Bd7 27. Qxf7+ Qxf7 28. Nxf7 Be8 29. Ng5 Na6 30. Nxe6 Kf7 31. f4 Ke7 32. f5 Bd7 33. f6+ 1-0

[Event "Oberwart op"]
[Site "Oberwart"]
[Date "2011.07.15"]
[Round "7"]
[White "Schwarhofer, Christopher"]
[Black "De Napoli, Giuseppe"]
[Result "1-0"]
[WhiteElo "2264"]
[BlackElo "2054"]
[PlyCount "47"]
[EventDate "2011.07.09"]
[EventType "swiss"]
[EventRounds "9"]
[EventCountry "AUT"]
[SourceTitle "CBM 143 Extra"]
[Source "ChessBase"]
[SourceDate "2011.08.29"]
[SourceVersion "1"]
[SourceVersionDate "2011.08.29"]
[SourceQuality "1"]

1. e4 d5 2. exd5 Qxd5 3. Nc3 Qd6 4. d4 Nf6 5. g3 a6 6. Bg2 Bg4 7. Nge2 Nc6 8. d5 Nb8 9. Bf4 Qb6 10. Qd2 Nbd7 11. 0-0 0-0-0 12. Na4 Qb5 13. Nec3 Qa5 14. a3 e5 15. b4 Bxb4 16. axb4 Qxb4 17. Rfb1 Qd4 18. Nd1 Rhe8 19. d6 c6 20. Qa5 Qxd6 21. Rxb7 exf4 22. Qxa6 Re1+ 23. Bf1 Be2 24. Rb5+ 1-0

[Event "Oberwart op"]
[Site "Oberwart"]
[Date "2011.07.09"]
[Round "1"]
[White "De Napoli, Giuseppe"]
[Black "Lizak, Peter"]
[Result "0-1"]
[WhiteElo "2054"]
[BlackElo "2391"]
[PlyCount "60"]
[EventDate "2011.07.09"]
[EventType "swiss"]
[EventRounds "9"]
[EventCountry "AUT"]
[SourceTitle "CBM 143 Extra"]
[Source "ChessBase"]
[SourceDate "2011.08.29"]
[SourceVersion "1"]
[SourceVersionDate "2011.08.29"]
[SourceQuality "1"]

1. d4 Nf6 2. Nf3 c5 3. c3 d5 4. Bf4 Qb6 5. Qb3 Nc6 6. e3 c4 7. Qc2 Bf5 8. Qc1 g6 9. Nbd2 Bg7 10. b3 cxb3 11. axb3 0-0 12. Be2 Rac8 13. Qa3 a6 14. 0-0 Nh5 15. Bg5 f6 16. Bh4 g5 17. Ne1 Bg6 18. Bg3 Nxg3 19. fxg3 e5 20. Bd3 exd4 21. Bxg6 dxe3 22. Ndf3 hxg6 23. Qd6 Rcd8 24. Qe6+ Kh7 25. h4 g4 26. Qxg4 Ne5 27. Nxe5 e2+ 28. Rf2 fxe5 29. Qxe2 e4 30. Rc1 Bh6 0-1

[Event "Mogliano Veneto op 32nd"]
[Site "Mogliano Veneto"]
[Date "2011.05.01"]
[Round "4"]
[White "Boraso, Alessio"]
[Black "De Napoli, Giuseppe"]
[Result "1-0"]
[WhiteElo "1880"]
[BlackElo "2061"]
[PlyCount "113"]
[EventDate "2011.04.29"]
[EventType "swiss"]
[EventRounds "5"]
[EventCountry "ITA"]
[SourceTitle "EXT 2023"]
[Source "ChessBase"]
[SourceDate "2022.10.05"]
[SourceVersion "1"]
[SourceVersionDate "2022.10.05"]
[SourceQuality "1"]

1. d4 Nf6 2. c4 c5 3. d5 Ne4 4. Qc2 Qa5+ 5. Nd2 Nf6 6. e4 d6 7. f4 g6 8. Ngf3 Na6 9. a3 Ng4 10. Rb1 Ne3 11. Qd3 Nxf1 12. Qxf1 Bd7 13. Qf2 Bg7 14. 0-0 b5 15. b3 0-0 16. Qh4 Qd8 17. Bb2 Bxb2 18. Rxb2 Kg7 19. e5 Nc7 20. g4 Rb8 21. g5 bxc4 22. Qh6+ Kh8 23. Ne4 Nxd5 24. bxc4 Ne3 25. Rxb8 Qxb8 26. exd6 Nf5 27. Qh3 Qe8 28. Ne5 Bc8 29. Qc3 Nd4 30. Nf3 e5 31. Re1 Qe6 32. Nxe5 Qf5 33. Nxc5 Qxf4 34. Nf3 Qg4+ 35. Kf2 Qxf3+ 36. Qxf3 Nxf3 37. Kxf3 Rd8 38. Ne4 Bb7 39. c5 h6 40. h4 hxg5 41. hxg5 Kg7 42. Kf4 Rh8 43. Nf6 Rh4+ 44. Kg3 Rh8 45. Re8 Rxe8 46. Nxe8+ Kf8 47. Nf6 Bc6 48. Kf4 Bg2 49. Ne4 Ke8 50. c6 Kd8 51. c7+ Kc8 52. Ke5 Bh3 53. Nf6 Be6 54. Kd4 Kb7 55. a4 Kc6 56. Ne4 Kb7 57. Nc5+ 1-0

[Event "Mogliano Veneto op 32nd"]
[Site "Mogliano Veneto"]
[Date "2011.04.30"]
[Round "2"]
[White "Cecchetto, Vanni"]
[Black "De Napoli, Giuseppe"]
[Result "0-1"]
[WhiteElo "1911"]
[BlackElo "2061"]
[PlyCount "56"]
[EventDate "2011.04.29"]
[EventType "swiss"]
[EventRounds "5"]
[EventCountry "ITA"]
[SourceTitle "EXT 2023"]
[Source "ChessBase"]
[SourceDate "2022.10.05"]
[SourceVersion "1"]
[SourceVersionDate "2022.10.05"]
[SourceQuality "1"]

1. c4 e6 2. e4 d5 3. cxd5 exd5 4. e5 c5 5. Nf3 Nc6 6. Bb5 d4 7. 0-0 Nge7 8. d3 a6 9. Bc4 b5 10. Bxf7+ Kxf7 11. Ng5+ Kg6 12. h4 h5 13. Nd2 Qd5 14. Nde4 Nxe5 15. Bf4 N7c6 16. Bg3 Be7 17. f4 Ng4 18. f5+ Bxf5 19. Nh3 Qd7 20. Nf4+ Kh6 21. Qf3 Nce5 22. Qe2 g6 23. Nh3 Rhf8 24. Bf4+ Kg7 25. Ng3 Bd6 26. Ne4 Rae8 27. Bg5 Nxd3 28. Qxd3 Bxe4 0-1

[Event "Mogliano Veneto op 32nd"]
[Site "Mogliano Veneto"]
[Date "2011.04.30"]
[Round "3"]
[White "De Napoli, Giuseppe"]
[Black "Santolini, Luigi"]
[Result "0-1"]
[WhiteElo "2061"]
[BlackElo "2208"]
[PlyCount "108"]
[EventDate "2011.04.29"]
[EventType "swiss"]
[EventRounds "5"]
[EventCountry "ITA"]
[SourceTitle "EXT 2023"]
[Source "ChessBase"]
[SourceDate "2022.10.05"]
[SourceVersion "1"]
[SourceVersionDate "2022.10.05"]
[SourceQuality "1"]

1. d4 Nf6 2. Nf3 g6 3. Nc3 d5 4. Bf4 Bg7 5. Qd2 0-0 6. e3 c6 7. Be2 Nbd7 8. h3 h6 9. Ne5 Nxe5 10. Bxe5 Nd7 11. Bxg7 Kxg7 12. e4 dxe4 13. Nxe4 f5 14. Nc3 Nf6 15. 0-0 e5 16. Rad1 exd4 17. Qxd4 Qxd4 18. Rxd4 Be6 19. Rfd1 Rae8 20. Bf3 g5 21. g3 Re7 22. a4 Rfe8 23. a5 a6 24. b3 h5 25. Na4 g4 26. hxg4 hxg4 27. Bg2 Nd7 28. c4 Nf6 29. Nc5 Bc8 30. Kf1 Ne4 31. Bxe4 fxe4 32. Re1 e3 33. Rxe3 Rxe3 34. fxe3 Rxe3 35. Re4 Rc3 36. Re7+ Kg6 37. Rc7 Bf5 38. Rxb7 Rxg3 39. Rb6 Bc2 40. Rxc6+ Kf5 41. b4 Rc3 42. Rxa6 Rxc4 43. Rb6 Bd1 44. a6 Bf3 45. a7 g3 46. Nd3 Rh4 47. Rb5+ Kf6 48. Rb6+ Ke7 49. Ke1 Rh1+ 50. Kd2 g2 51. Rg6 g1Q 52. Rxg1 Rxg1 53. b5 Rb1 54. Ne5 Ba8 0-1

[Event "Oberwart op-A"]
[Site "Oberwart"]
[Date "2009.07.11"]
[Round "1"]
[White "De Napoli, Giuseppe"]
[Black "Schneider Zinner, Harald"]
[Result "1/2-1/2"]
[WhiteElo "2046"]
[BlackElo "2352"]
[PlyCount "93"]
[EventDate "2009.07.11"]
[EventType "swiss"]
[EventRounds "9"]
[EventCountry "AUT"]
[SourceTitle "CBM 131 Extra"]
[Source "ChessBase"]
[SourceDate "2009.09.03"]
[SourceVersion "2"]
[SourceVersionDate "2009.09.16"]
[SourceQuality "1"]

1. d4 Nf6 2. Bf4 e6 3. e3 b6 4. Nf3 Be7 5. h3 Bb7 6. Nbd2 0-0 7. Be2 c5 8. 0-0 cxd4 9. exd4 d6 10. c3 Nbd7 11. a4 Qc7 12. Bh2 a6 13. Re1 Rfe8 14. Bc4 Nd5 15. Qe2 N7f6 16. Ng5 Bf8 17. Bd3 h6 18. Ngf3 Nh5 19. Bc2 Nhf4 20. Qc4 Qd7 21. Qb3 b5 22. Re4 g5 23. Ree1 Bc6 24. axb5 axb5 25. Rxa8 Rxa8 26. Bb1 f5 27. Bxf4 Nxf4 28. Bxf5 Bd5 29. Qxd5 Nxd5 30. Bxe6+ Qxe6 31. Rxe6 Ra2 32. c4 Nf4 33. Re8 Rxb2 34. cxb5 Rxb5 35. Rd8 Kf7 36. Nc4 Rb1+ 37. Kh2 Be7 38. Rd7 Rf1 39. Kg3 Nh5+ 40. Kh2 Rxf2 41. Kg1 Ra2 42. d5 Nf6 43. Rb7 Nxd5 44. Nxd6+ Ke6 45. Ne4 Bd8 46. Nc5+ Kd6 47. Rd7+ 1/2-1/2

[Event "Arco op 29th"]
[Site "Arco"]
[Date "2007.10.27"]
[Round "8"]
[White "Dittmar, Peter"]
[Black "De Napoli, Giuseppe"]
[Result "1-0"]
[WhiteElo "2318"]
[BlackElo "2033"]
[PlyCount "41"]
[EventDate "2007.10.20"]
[EventType "swiss"]
[EventRounds "9"]
[EventCountry "ITA"]
[SourceTitle "CBM 120 Extra"]
[Source "ChessBase"]
[SourceDate "2007.11.01"]
[SourceVersion "1"]
[SourceVersionDate "2007.11.01"]
[SourceQuality "1"]

1. Nf3 d5 2. g3 Nf6 3. Bg2 e6 4. 0-0 Be7 5. c4 0-0 6. d4 c6 7. Qc2 Nbd7 8. Nbd2 b6 9. e4 dxe4 10. Nxe4 Bb7 11. Rd1 Nxe4 12. Qxe4 Qc7 13. Bf4 Bd6 14. Bxd6 Qxd6 15. c5 Qd5 16. Qf4 Nf6 17. Ne5 Qd8 18. Nxc6 Qe8 19. Qd6 Nd5 20. Bxd5 exd5 21. Ne7+ 1-0

[Event "Arco op 29th"]
[Site "Arco"]
[Date "2007.10.25"]
[Round "6"]
[White "Papa, Angelo"]
[Black "De Napoli, Giuseppe"]
[Result "0-1"]
[WhiteElo "1903"]
[BlackElo "2033"]
[PlyCount "134"]
[EventDate "2007.10.20"]
[EventType "swiss"]
[EventRounds "9"]
[EventCountry "ITA"]
[SourceTitle "CBM 120 Extra"]
[Source "ChessBase"]
[SourceDate "2007.11.01"]
[SourceVersion "1"]
[SourceVersionDate "2007.11.01"]
[SourceQuality "1"]

1. d4 Nf6 2. Nf3 g6 3. Nc3 d5 4. Bf4 Bg7 5. e3 Bg4 6. Be2 Bxf3 7. Bxf3 e6 8. Qd2 c6 9. h4 h5 10. 0-0-0 Nbd7 11. g3 Qa5 12. Kb1 b5 13. Nxd5 Qxd2 14. Nxf6+ Nxf6 15. Rxd2 Rc8 16. Bd6 Nd7 17. Re1 Nb6 18. b3 Bf8 19. Bxf8 Rxf8 20. Be2 Ke7 21. e4 Rcd8 22. Red1 b4 23. f3 a5 24. g4 hxg4 25. fxg4 Rh8 26. h5 gxh5 27. gxh5 Rdg8 28. Bf3 Rg5 29. Rh1 Rh6 30. Rg2 Rxg2 31. Bxg2 Nd7 32. c4 bxc3 33. Kc2 c5 34. Kxc3 cxd4+ 35. Kxd4 Kd6 36. Kc4 Kc6 37. Bf1 Ne5+ 38. Kc3 Kc5 39. a3 Nc6 40. Be2 f5 41. exf5 exf5 42. Rf1 Rf6 43. Rf4 Ne7 44. b4+ axb4+ 45. axb4+ Kd6 46. Rh4 Rh6 47. Kc4 Ke5 48. Kc5 f4 49. b5 Nd5 50. Bf3 Nb6 51. Rh1 Nd7+ 52. Kc4 Kf5 53. Kd4 Rd6+ 54. Kc4 Ne5+ 55. Kc5 Rh6 56. Be2 f3 57. Bf1 Nd7+ 58. Kd4 Kf4 59. Rh2 Kg3 60. Rb2 Nb6 61. Rb1 Rxh5 62. Ra1 Kf2 63. Ra6 Kxf1 64. Rxb6 Rf5 65. Ke4 Rf8 66. Ra6 f2 67. b6 Kg1 0-1

[Event "Arco op 28th"]
[Site "Arco"]
[Date "2006.10.27"]
[Round "7"]
[White "Prakken, Gerrit"]
[Black "De Napoli, Giuseppe"]
[Result "1-0"]
[WhiteElo "2180"]
[BlackElo "2032"]
[PlyCount "171"]
[EventDate "2006.10.21"]
[EventType "swiss"]
[EventRounds "9"]
[EventCountry "ITA"]
[SourceTitle "EXT 2007"]
[Source "ChessBase"]
[SourceDate "2006.11.23"]
[SourceVersion "1"]
[SourceVersionDate "2006.11.23"]
[SourceQuality "1"]

1. d4 d5 2. c4 e6 3. Nc3 c6 4. e3 Nf6 5. Nf3 Be7 6. Bd3 0-0 7. 0-0 Nbd7 8. b3 Qc7 9. Bb2 Rd8 10. Qe2 Nf8 11. Rad1 Bd7 12. Ne5 Be8 13. f4 N6d7 14. e4 dxe4 15. Nxe4 f6 16. Nxd7 Rxd7 17. Ng3 Bd6 18. Qg4 f5 19. Qf3 h6 20. Ne2 a5 21. Nc3 Bf7 22. Na4 Be7 23. c5 Rad8 24. Bc2 Rd5 25. Nb6 Nd7 26. Nxd5 cxd5 27. Bd3 Bf6 28. Rc1 Nb8 29. a3 Be8 30. Rfd1 Nc6 31. Qe3 Qf7 32. Bc3 Bd7 33. Bf1 Qe8 34. Ra1 Ra8 35. b4 a4 36. b5 Na7 37. c6 bxc6 38. b6 Nb5 39. Bb4 Bd8 40. Bc5 Rb8 41. Rab1 Bxb6 42. Bxb6 Rxb6 43. Bxb5 cxb5 44. Rdc1 Qb8 45. Qd2 Qd6 46. Rc5 Ra6 47. g3 Kf7 48. Rbc1 Qb6 49. Rc7 Ke8 50. Qb4 Ra7 51. Rxa7 Qxa7 52. Rc5 Qb6 53. Kf2 Bc6 54. Qe1 Kd7 55. Qb4 Qa6 56. Kf3 Qb6 57. Ke3 Qa6 58. Rc3 Qa8 59. Qc5 Qa6 60. Rc1 Qa8 61. h3 g5 62. Kd3 Qa6 63. Kd2 Qa5+ 64. Rc3 Qa6 65. Qb4 Qb6 66. Kc2 Qa6 67. Kb2 Qb6 68. Rd3 Qa6 69. Rd1 Qb6 70. Rd2 Qa6 71. Qf8 Qb6 72. Qg7+ Kd6 73. Qe5+ Ke7 74. Re2 Bd7 75. Qxd5 b4 76. Qc5+ Qxc5 77. dxc5 b3 78. Rd2 e5 79. fxe5 h5 80. Rd6 h4 81. gxh4 gxh4 82. Rh6 f4 83. Rxh4 f3 84. Rf4 Bxh3 85. Rxf3 Bd7 86. Rf6 1-0

[Event "Veneto-ch qf 65th"]
[Site "Arqua Petrarca"]
[Date "2005.05.08"]
[Round "2.2"]
[White "Rossi, Carlo"]
[Black "De Napoli, Giuseppe"]
[Result "1-0"]
[WhiteElo "2375"]
[BlackElo "2062"]
[PlyCount "43"]
[EventDate "2005.05.07"]
[EventType "swiss"]
[EventRounds "6"]
[EventCountry "ITA"]
[SourceTitle "EXT 2024"]
[Source "ChessBase"]
[SourceDate "2023.10.10"]
[SourceVersion "1"]
[SourceVersionDate "2023.10.10"]
[SourceQuality "1"]

1. e4 g6 2. f4 Bg7 3. Nf3 d6 4. Bc4 c5 5. 0-0 Nc6 6. d3 Bg4 7. Bxf7+ Kd7 8. Bd5 e6 9. Bxc6+ bxc6 10. Ne5+ dxe5 11. Qxg4 Ne7 12. f5 Rf8 13. fxe6+ Kc8 14. Rxf8 Qxf8 15. Be3 h5 16. Qh3 Bh6 17. Nd2 Bxe3+ 18. Qxe3 Ng8 19. Rf1 Qe7 20. Rf7 Qxe6 21. Nc4 Nf6 22. Rf8+ 1-0

[Event "Vicenza op 8th"]
[Site "Vicenza"]
[Date "2004.10.10"]
[Round "6"]
[White "De Napoli, Giuseppe"]
[Black "Gennari, Leone"]
[Result "1-0"]
[WhiteElo "2097"]
[BlackElo "2079"]
[PlyCount "73"]
[EventDate "2004.10.02"]
[EventType "swiss"]
[EventRounds "6"]
[EventCountry "ITA"]
[SourceTitle "EXT 2009"]
[Source "ChessBase"]
[SourceDate "2008.11.26"]
[SourceVersion "1"]
[SourceVersionDate "2008.11.26"]
[SourceQuality "1"]

1. d4 Nf6 2. c4 g6 3. Nc3 Bg7 4. e4 d6 5. f3 0-0 6. Be3 Nbd7 7. Bd3 c5 8. Nge2 a6 9. 0-0 Qc7 10. Rc1 e6 11. b3 Nh5 12. d5 e5 13. g4 Nhf6 14. Ng3 Kh8 15. Qd2 Ng8 16. h4 h6 17. Kg2 Rb8 18. Rh1 Kh7 19. Rh2 Nb6 20. Nd1 Bd7 21. Nf2 Nc8 22. Nh3 b5 23. h5 g5 24. Bxg5 hxg5 25. Nxg5+ Kh8 26. h6 Bf6 27. Nh3 Nb6 28. g5 Be7 29. Nf5 Bxf5 30. exf5 bxc4 31. bxc4 Na4 32. Rc2 Nxh6 33. f6 Rg8 34. Nf2 Bf8 35. Ng4 Rg6 36. Bxg6 fxg6 37. Nxh6 1-0

[Event "Arco op 25th"]
[Site "Arco"]
[Date "2003.10.25"]
[Round "8"]
[White "De Napoli, Giuseppe"]
[Black "Valenti, Giuseppe"]
[Result "0-1"]
[WhiteElo "2159"]
[BlackElo "2305"]
[PlyCount "80"]
[EventDate "2003.10.18"]
[EventType "swiss"]
[EventRounds "9"]
[EventCountry "ITA"]
[SourceTitle "EXT 2004"]
[Source "ChessBase"]
[SourceDate "2003.11.25"]
[SourceVersion "1"]
[SourceVersionDate "2003.11.25"]
[SourceQuality "1"]

1. d4 Nf6 2. Nf3 e6 3. e3 b6 4. Bd3 Bb7 5. Nbd2 c5 6. 0-0 Be7 7. Qe2 Qc7 8. c3 Nc6 9. a3 d5 10. e4 cxd4 11. cxd4 dxe4 12. Nxe4 Rd8 13. Be3 0-0 14. Rac1 Qb8 15. Rfd1 h6 16. Bb1 Rfe8 17. Nxf6+ Bxf6 18. Qc2 g6 19. Bxh6 Nxd4 20. Nxd4 Bxd4 21. Qe2 Qd6 22. Be4 Qe5 23. Bf3 Bxf3 24. Qxf3 Bxb2 25. Re1 Qd5 26. Qxd5 Rxd5 27. Rc7 Bxa3 28. Rxa7 Bc5 29. Ra2 g5 30. h4 gxh4 31. Be3 Kg7 32. Ra4 Rh8 33. Bxc5 bxc5 34. Re3 Rd4 35. Ra5 Rc8 36. Rc3 c4 37. Ra4 Kf6 38. Rf3+ Ke5 39. Rxf7 c3 40. f4+ Ke4 0-1

[Event "Arco op 25th"]
[Site "Arco"]
[Date "2003.10.18"]
[Round "1"]
[White "De Napoli, Giuseppe"]
[Black "Traversi, Carlo"]
[Result "1-0"]
[WhiteElo "2159"]
[BlackElo "1856"]
[PlyCount "77"]
[EventDate "2003.10.18"]
[EventType "swiss"]
[EventRounds "9"]
[EventCountry "ITA"]
[SourceTitle "EXT 2004"]
[Source "ChessBase"]
[SourceDate "2003.11.25"]
[SourceVersion "1"]
[SourceVersionDate "2003.11.25"]
[SourceQuality "1"]

1. d4 Nf6 2. Nf3 g6 3. c4 Bg7 4. Nc3 d5 5. e3 c6 6. Be2 0-0 7. 0-0 Nbd7 8. cxd5 cxd5 9. Qb3 Nb6 10. h3 e6 11. Bd2 Ne4 12. a4 Nd6 13. Rfc1 Nbc4 14. Nb5 Nxd2 15. Nxd2 Nxb5 16. Bxb5 Bd7 17. Bd3 Bc6 18. Nf3 Qd6 19. a5 a6 20. Qb6 Rfd8 21. Rc5 e5 22. dxe5 Bxe5 23. Nxe5 Qxe5 24. Bxa6 bxa6 25. Rxc6 Rab8 26. Qxa6 Qxb2 27. Rac1 Ra8 28. Qb6 Qa3 29. a6 Rdb8 30. Qd4 Rd8 31. Ra1 Qb3 32. a7 Qb5 33. Qf6 Qb7 34. Rb6 Qc7 35. Rc6 Qb7 36. Rb6 Qc7 37. Qd4 Rxa7 38. Rxa7 Qxa7 39. Rxg6+ 1-0